Analysis of floating rice eco-systems in srayov commune kompong thom province (ការវិភាគប្រព័ន្ធក្សេត្របរិស្ថានស្រូវឡើងទឹកក្នុងឃុំស្រយ៉ូវ ខេត្តកំពង់ធំ) (Record no. 274)
[ view plain ]
| 000 -LEADER | |
|---|---|
| fixed length control field | 00645nam a22001577a 4500 |
| 003 - CONTROL NUMBER IDENTIFIER | |
| control field | OSt |
| 005 - DATE AND TIME OF LATEST TRANSACTION | |
| control field | 20150912103918.0 |
| 008 - FIXED-LENGTH DATA ELEMENTS--GENERAL INFORMATION | |
| fixed length control field | 150912b xxu||||| |||| 00| 0 eng d |
| 040 ## - CATALOGING SOURCE | |
| Transcribing agency | RUA |
| 082 ## - DEWEY DECIMAL CLASSIFICATION NUMBER | |
| Classification number | AGR KIN 1997 B018 Or.1 |
| 100 ## - MAIN ENTRY--PERSONAL NAME | |
| 9 (RLIN) | 296 |
| Personal name | KING, ROMANY |
| 245 ## - TITLE STATEMENT | |
| Title | Analysis of floating rice eco-systems in srayov commune kompong thom province (ការវិភាគប្រព័ន្ធក្សេត្របរិស្ថានស្រូវឡើងទឹកក្នុងឃុំស្រយ៉ូវ ខេត្តកំពង់ធំ) |
| 260 ## - PUBLICATION, DISTRIBUTION, ETC. (IMPRINT) | |
| Place of publication, distribution, etc. | Phnom Penh |
| Name of publisher, distributor, etc. | RUA |
| Date of publication, distribution, etc. | 1997 |
| 300 ## - PHYSICAL DESCRIPTION | |
| Extent | 43p. |
| Other physical details | ill. |
| Dimensions | 29cm. |
| 942 ## - ADDED ENTRY ELEMENTS (KOHA) | |
| Source of classification or shelving scheme | |
| Koha item type | AGR |
| Price effective from | Date last seen | Permanent Location | Not for loan | Date acquired | Source of classification or shelving scheme | Koha item type | Lost status | Withdrawn status | Date last checked out | Total Checkouts | Damaged status | Barcode | Shelving location | Current Location | Full call number |
|---|---|---|---|---|---|---|---|---|---|---|---|---|---|---|---|
| 2015-09-12 | 2015-09-12 | Library Block B | 2015-09-12 | AGR | RUA003266 | Library Block B | AGR KIN 1997 B018 Or.1 | ||||||||
| 2015-09-12 | 2015-09-12 | Library Block B | 2015-09-12 | AGR | RUA003338 | B018 | Library Block B | AGR KIN 1997 B018 Or.2 | |||||||
| 2015-09-12 | 2015-09-12 | Library Block B | 2015-09-12 | AGR | RUA003410 | B018 | Library Block B | AGR KIN 1997 B018 Or.3 | |||||||
| 2015-09-12 | 2015-09-12 | Library Block B | 2015-09-12 | AGR | RUA003482 | B018 | Library Block B | AGR KIN 1997 B018 Or.4 | |||||||
| 2015-09-12 | 2015-09-12 | Library Block B | 2015-09-12 | AGR | RUA003554 | B018 | Library Block B | AGR KIN 1997 B018 Or.5 | |||||||
| 2015-09-12 | 2015-09-12 | Library Block B | 2015-09-12 | AGR | RUA003115 | B018 | Library Block B | AGR KIN 1997 B018 Or.6 | |||||||
| 2015-09-12 | 2019-08-07 | Library Block B | 2015-09-12 | AGR | 2019-07-02 | 1 | RUA003116 | B018 | Library Block B | AGR KIN 1997 B018 Or.7 | |||||
| 2015-09-12 | 2015-09-12 | Library Block B | 2015-09-12 | AGR | RUA003188 | B018 | Library Block B | AGR KIN 1997 B018 Or.8 | |||||||
| 2015-09-12 | 2015-09-12 | Library Block B | 2015-09-12 | AGR | RUA003260 | B018 | Library Block B | AGR KIN 1997 B018 Or.9 | |||||||
| 2015-09-12 | 2015-09-12 | Library Block B | 2015-09-12 | AGR | RUA003332 | B018 | Library Block B | AGR KIN 1997 B018 Or.10 | |||||||
| 2015-09-12 | 2016-10-04 | Library Block B | 2015-09-12 | AGR | 2016-08-12 | 1 | RUA003777 | B018 | Library Block B | AGR KIN 1997 B018 Or.11 |